Va banque 1039 - Statystyki

Ogólne statystyki
  • Ten quiz został rozwiązany 13 razy
  • Średni wynik to 15 z 66
Statystyki odpowiedzi
Pytanie Odpowiedź % Poprawnych
W powiedzeniu nad głową ma ten, kto ma schronienie. dach
92%
Dulcynea, Ebro, flamenco - o jakie państwo chodzi? Hiszpania
85%
W tym mieście wznosi się Burdż Chalifa, wieżowiec o wysokości 828 m. Dubaj
69%
Mieszkanka stolicy Grecji. Atenka
62%
Zapisywana za pomocą cyfr oraz może być pojedyncza lub mnoga. liczba
62%
Część ułamka zwykłego oraz jeden z przypadków gramatycznych. mianownik
62%
Dingo, Eyre, Fox - o jakie państwo chodzi? Australia
54%
W chrześcijańskim malarstwie religijnym symbolizowały go gołębica lub ogniste języki nad głowami. Duch Święty
54%
Jednostka miary kąta oraz może być równy, wyższy i najwyższy. stopień
54%
Złoto na IO w 2022 roku w Pekinie było historycznym triumfem drużyny tego państwa z Ville Pokką i Hannesem Björninenem w składzie. Finlandia
46%
Nielegalna korespondencja więzienna. gryps
46%
W stolicy Malezji znajduje się Merdeka 118, drugi najwyższy wieżowiec świata. Kuala Lumpur
46%
Obrany przez kapitana statku. kurs
46%
Żadna stolica państwa nie leży dalej na północy. W tej mieści się Kościół Hallgrimura Reykjavik
46%
Na IO w 1980 roku reprezentacja tego państwa w hokeju dokonała "cudu na lodzie"czyli wygrała z ZSRR i w konsekwencji zdobyła złoto. USA
46%
Dogma, Elkjær, Fionia - o jakie państwo chodzi? Dania
38%
To nośna część spadochronu, rozwijająca się nad głową skoczka. czasza
31%
Dietrich, Ennaoui, Fez - o jakie państwo chodzi? Maroko
31%
Liczba podnoszona do potęgi, a także... słowotwórcza, baza do stworzenia nowego słowa. podstawa
31%
Do zgarnięcia w pokerze. pula
31%
Punkt na sferze niebieskiej, znajdujący się dokładnie nad głową obserwatora. zenit
31%
W 1998 roku w Nagano, po meczu z Rosją i trafieniu Petra Svobody, zdobyli pierwsze złoto w IO. Czechy
23%
Zagrała Judytę w "Nigdy w życiu". Danuta Stenka
23%
Gdy zmarł, narodził się Konrad. Gustaw
23%
Karierę sceniczną zaczęła jako wokalistka zespołu Varius Manx. Kasia Stankiewicz
23%
Budżetowa lub niebieska. sfera
23%
Ten patron Czech i święty kościoła katolickiego został zamordowany przez brata, Bolesława I Srogiego. Wacław
23%
W 1976 roku w Katowicach podczas MŚ, polska drużyna hokejowa pokonała tego giganta 6:4. ZSRR
23%
Czwarta część. ćwierć
15%
Uzupełnienie zbioru. W zdaniu może być bliższe lub dalsze. dopełnienie
15%
Downfall, Ebirah, Fugu - o jakie państwo chodzi? Japonia
15%
Nie zna się na pieprzu. kura
15%
Wyczuwalny na przegubie dłoni. puls
15%
W 2024 i 2025 roku, zawodnicy w hokeja tego państwa, dwukrotnie z rzędu byli w finale MŚ i dwukrotnie ten finał przegrali. Szwajcaria
15%
Inaczej oblicze. twarz
15%
Johanna Straussa (syna) "Noc w ..." Na placu świętego Marka odbywają się obchody karnawału. Wenecji
15%
W 1909 roku ostatecznie uznano dokonaną przez Austro-Węgry aneksję tego współczesnego państwa bałkańskiego. Bośnia i Hercegowina
8%
W tym filmie podpułkownik Kilgore dokonuje nalotów do odtwarzanej z helikoptera muzyki Wagnera. Czas apokalipsy
8%
W maju 1909 roku we Włoszech odbyła się pierwsza edycja tego wyścigu kolarskiego, zaliczanego dziś do największych tourów świata. Giro d'Italia
8%
Szaleje w naprawie- w tytule powieści Jalu Kurka. grypa
8%
W 1278 roku Przemyślidzi utracili dominację nad Austrią na rzecz władców z tej dynastii. Habsburgowie
8%
W finale tej polskiej komedii Ewa Bem śpiewa kołysankę a na niebie pojawia się helikopter. Miś
8%
Tak miał na imię Tryggvason, legendarny król norweskich Wikingów,który około 1000 roku zginął w bitwie morskiej pod Svold. Olaf
8%
Mary Poppins trzymała ją nad głową podczas powietrznych podróży. parasolka
8%
Wojskowy zamach stanu. pucz
8%
To głównie jego wokal słychać w "Octopus's Garden" Beatlesów. Ringo Starr
8%
Z okazji Expo w 1962 roku w tym amerykańskim mieście powstała wieża Space Needle. Seattle
8%
W 1994 roku wydał płytę "Taki jestem". Stachursky
8%
Inna nazwa cykuty. szalej
8%
Karla Zellera "Ptasznik z ...". W tej alpejskiej krainie fałszywy elektor poluje na fałszywe dziki. Tyrolu
8%
Do 2025 roku świątynia w tym niemieckim mieście była najwyższym kościołem świata. Ulm
8%
Film z de Funesem, droga i klifem i helikopterem, który w finale nieoczekiwanie porywa samochód w stronę morza. Zawieszeni na drzewie
8%
Przekręt na wielką skalę. afera
0%
Gioacchino Rossiniego "Włoszka w..." Do tej afrykańskiej stolicy Isabella przybywa, poszukując swojego ukochanego. Algierze
0%
Leo Baekeland w 1909 roku opatentował swój największy wynalazek - tworzywo oparte na żywicy fenolowo-formaldehydowej. bakelit
0%
W 1038 roku ten czeski książę najechał i złupił ziemie polskie i wywiózł z Gniezna relikwie świętego Wojciecha. Brzetysław I
0%
Bedricha Smetany "Brandenburczycy w ..." Rzecz dzieje się w 1278 roku, tuż po bitwie pod Suchymi Krutami. Czechach
0%
W 1979 roku była laureatką wrocławskiego przeglądu piosenki aktorsko-literackiej. Dorota Stalińska
0%
25.01.1909 roku w Dreźnie miała miejsce premiera tej opery Richarda Straussa według tragedii Sofoklesa. Elektra
0%
W 1991 roku w Sopocie udawał, że śpiewa do suszarki, by zaprotestować, przeciw nakazowi śpiewania z playbacku. Kazik Staszewski
0%
W jego filmie "Spirala" pojawia się sekwencja helikopterowej akcji ratowniczej w Tatrach Krzysztof Zanussi
0%
Krzysztofa Pendereckiego "Diabły z..." . Z matką Joanną i spalonym na stosie Urbanem Grandierem. Loudun
0%
Ta dynastia objęła władzę w Czechach po wygaśnięciu Przemyślidów. Luksemburgowie
0%
6.04.1909 roku, jak sam twierdził, ten amerykański oficer dotarł saniami do bieguna północnego. Robert Peary
0%
Helikopter w tym filmie został zatopiony przez rekina. Szczęki 2
0%
W 1085 roku został pierwszym królem Czech. Wratysław II
0%
Nie znaleziono quizów pasujących do podanych kryteriów
Rozkład punktacji
Procent ludzi z każdym wynikiem
Percentyl według liczby udzielonych odpowiedzi
Twoja historia wyników
Nie rozwiązałeś tego quizu